| 000 | 00817nam a2200241 u 4500 | ||
|---|---|---|---|
| 001 | 000056808 | ||
| 005 | 20200120223328.0 | ||
| 008 | 130621s2005 sp a br 000 0 spa d | ||
| 020 | _a8424121775 | ||
| 041 | 0 | _a//spa | |
| 082 | 0 | 4 |
_a788.3 _bP14 _221 |
| 100 | 1 | _aPaker, Josephine | |
| 245 | 1 | 0 |
_aLas flautas tienen agujeros : _by otras preguntas sobre música / _cJosephine Paker ; traducción Marisa Rodríguez Pérez y Ruth Villa Pérez. |
| 250 | _a4a. ed. | ||
| 260 |
_aLeón (España) : _bEverest, _c2005. |
||
| 300 | _a32 p. | ||
| 534 |
_tI wonder ehy flutes have holes and other questions about music _pTítulo original : |
||
| 650 | 1 | 7 |
_aInstrumentos de viento _2LEMB |
| 650 | 2 | 7 |
_aMúsica _2LEMB |
| 650 | 2 | 7 |
_aFlauta _2LEMB |
| 700 | 1 |
_aRodríguez Pérez, Marisa, _etr. |
|
| 700 | 1 |
_aVilla Pérez, Ruth, _etr. |
|
| 999 |
_c6105 _d6105 |
||